| 000 | 00455nam a22001097a 4500 | ||
|---|---|---|---|
| 008 | 150623b xxu||||| |||| 00| 0 eng d | ||
| 010 | _8HCCRSARF:006 | ||
| 245 | _aHIGH COURT CRIMINAL SESSION NO. 711 of 1970 Uganda Vs Okou s/o Adugala | ||
| 260 | _aHigh Court Kampala | ||
| 500 | _3(Original Criminal Case No. MS.405/70 of the Chief Magistrate Court of Soroti at Soroti Before- John De Mello Esq., mag. Gr.1) | ||
| 500 | _3Before: Hon Mr. Justice L.P.Saldanha | ||
| 999 |
_c6598 _d6598 |
||